00537cam a2200169 a 450000100100000000500170001000800410002704000250006808200200009310000400011324500550015326000450020830000210025365000300027465000320030465000310033600000616820200929151946.0850718s1984 pr 000 p spa  aDO-SdBNPbspacBNPHU aPR861.44bM433v1 aMatos Paoli, Francisco,d1915-2000.10aVestido para la desnudez /cFrancisco Matos Paoli. aSan Juan, Puerto Rico :bMairena,c1984. a160 p. ;c21 cm. 4aPoesía puertorriqueña 4aLiteratura puertorriqueña 4aLiteratura latinoamericana